Организация предпринимательской деятельности: учебник

Bibliografiset tiedot
Muut tekijät: Асаул А. Н. Анатолий Николаевич, Войнаренко М. П. Михаил Петрович, Крюкова И. В. Ирина Владимировна, Люлин П. Б. Павел Борисович
Yhteenveto:Учебник дает системное представление об основах организации предпринимательской деятельности и способствует формированию инновационного мировоззрения. Последовательно рассматриваются история становления и этапы развития предпринимательства в России, сущность и методы предпринимательской деятельности, среда и типы предпринимательских структур, кластерная организация предпринимательской деятельности. Большое внимание уделено практическим вопросам, связанным с поиском предпринимательской идеи, защитой информационных ресурсов и обеспечением безопасности предпринимательской деятельности. Все проблемы рассматриваются с учетом конкретных условий развития рыночных отношений в современной России.
Kieli:venäjä
Julkaistu: Москва, Проспект, 2020
Painos:5-е изд., перераб. и доп.
Aiheet:
Aineistotyyppi: Kirja
KOHA link:https://koha.lib.tpu.ru/cgi-bin/koha/opac-detail.pl?biblionumber=344429

MARC

LEADER 00000nam0a2200000 4500
001 344429
005 20231102005649.0
010 |a 9785392195503 
035 |a (RuTPU)RU\TPU\book\375922 
035 |a RU\TPU\book\252924 
035 |a RU\TPU\book\341336 
090 |a 344429 
100 |a 20130207d2020 m y0rusy50 ca 
101 0 |a rus 
102 |a RU 
105 |a y j 001zy 
200 1 |a Организация предпринимательской деятельности  |e учебник  |f А. Н. Асаул, М. П. Войнаренко, И. В. Крюкова, П. Б. Люлин 
205 |a 5-е изд., перераб. и доп. 
210 |a Москва  |c Проспект  |d 2020 
215 |a 400 с.  |c ил. 
320 |a Библиогр. в конце гл. 
330 |a Учебник дает системное представление об основах организации предпринимательской деятельности и способствует формированию инновационного мировоззрения. Последовательно рассматриваются история становления и этапы развития предпринимательства в России, сущность и методы предпринимательской деятельности, среда и типы предпринимательских структур, кластерная организация предпринимательской деятельности. Большое внимание уделено практическим вопросам, связанным с поиском предпринимательской идеи, защитой информационных ресурсов и обеспечением безопасности предпринимательской деятельности. Все проблемы рассматриваются с учетом конкретных условий развития рыночных отношений в современной России. 
606 1 |a Предпринимательская деятельность  |2 stltpush  |3 (RuTPU)RU\TPU\subj\36666  |9 57967 
610 1 |a экономика 
610 1 |a предпринимательство 
610 1 |a теория 
610 1 |a методология 
610 1 |a субъекты 
610 1 |a предпринимательская культура 
610 1 |a предпринимательские объединения 
610 1 |a бизнес-коммуникации 
610 1 |a межфирменные взаимодействия 
610 1 |a экономическая безопасность 
610 1 |a экономические отношения 
610 1 |a учебники 
686 |a У012.12я73  |v LBC/SL-A  |2 rubbk 
701 1 |a Асаул  |b А. Н.  |g Анатолий Николаевич 
701 1 |a Войнаренко  |b М. П.  |g Михаил Петрович 
701 1 |a Крюкова  |b И. В.  |g Ирина Владимировна 
701 1 |a Люлин  |b П. Б.  |g Павел Борисович 
801 1 |a RU  |b 63413507  |c 20200225 
801 2 |a RU  |b 63413507  |c 20210329  |g RCR 
942 |c BK 
959 |a 5/20200221  |d 3  |e 800,00  |f УФ:3